000 00629nam a2200205Ia 4500
003 GCL
008 140319s9999 xx 000 0 ara d
020 _a5397502977
040 _aGCL /
_cGCL
082 0 4 _a810.8
_bم هـ
100 1 _aمصطفى محمود
245 1 0 _aهل هو عصر الجنون /
_cمصطفى محمود
250 _aالسادسة
260 _aالقاهرة :
_bدار المعارف ،
_c1993
300 _a85 ص ؛
_c18 سم
490 _aالهيئة العامة للاستعلامات
_v0
650 0 4 _aالادب العربى
650 0 4 _aالصوفية، فلسفة
942 _2ddc
_cBK
999 _c48778
_d48778